| 000 | 00751nam a2200229 i 4500 | ||
|---|---|---|---|
| 001 | 88819 | ||
| 003 | ES-MaACL | ||
| 005 | 20250813014532.0 | ||
| 007 | t| | ||
| 008 | 050112s1987 fr ||||1| fre d | ||
| 020 | _a2-08-070164-9 | ||
| 080 | _a821.133.1-4"17" | ||
| 080 | _a929 Diderot, Denis | ||
| 100 | 1 |
_aDiderot, Denis, _d1713-1784 _944511 |
|
| 245 | 1 | 0 |
_aParadoxe sur le comédien précédé des Entretiens sur le fils naturel / _cDenis Diderot ; chronologie et préface par Raymond Laubreaux. |
| 260 |
_aParis : _bFlammarion, _c[1987] |
||
| 300 |
_a191 p. ; _c18 cm. |
||
| 700 | 1 |
_aLaubreaux, Raymond. _970581 |
|
| 740 | 0 | _aEntretiens sur le fils naturel. | |
| 852 |
_aES-MaACL _jE-10667 _bR.135118 |
||
| 999 |
_c88819 _d88819 |
||